000 00959nam a22002897a 4500
001 BR7600002
003 BR-BrBNA
005 20230928084853.0
007 ta
008 230509b bl.||||| |||| 00| 0 por d
040 _aBR-BrBNA
_bpor
_cBiblioteca Nacional de Agricultura
041 _a(Por)
072 _aH20
_b2120
_b4120
_b3875
090 _ 2120 BR7600002
100 1 _aPaiva, F. de A.
110 1 _aUniversidade Federal de Vicosa, MG (Brasil)
_0Tese (Magister Scientiae)
245 1 _aEfeito de fungicidas sistemicos sobre a ferrugem (Hemileia vastatrix Berk et Br.)do cafeeiro (Coffea arabica L.)
260 3 _aVicosa, MG (Brasil):
_c1975.
300 _a54 p.
500 _a36 ref.; Summary (Por). (*) Documento disponível na(o) Universidade Federal de Vicosa, MG (Brazil)
650 _aCafe
650 _aFerrugem
650 _aFungicida sistemico
650 _aControle quimico
909 _a202309
_bLucia
_c55
_dLucia Elande
942 _cBK
999 _c21586
_d21586